The Supreme Court A to Z : a ready reference encyclopedia /

Bibliographic Details
Other Authors: Witt, Elder
Format: Book
Language:English
Published: Washington, D.C. : Congressional Quarterly, 1993.
Series:CQ's encyclopedia of American government ; v. 3.
Subjects:

MARC

Tag First Indicator Second Indicator Subfields
LEADER 00000cam a2200000 a 4500
001 in00001089618
005 20150929205208.0
008 930201s1993 dcua be 001 0deng
010 |a  93002979  
020 |a 0871877775 
035 |a (OCoLC)27431014 
035 |9 AFT5299AM 
040 |a DLC  |c DLC  |d TXA  |d UtOrBLW 
043 |a n-us--- 
049 |a TXAM 
050 0 0 |a KF8742.A35  |b S8 1993 
082 0 0 |a 347.73/26/03  |a 347.3073503  |2 20 
245 0 4 |a The Supreme Court A to Z :  |b a ready reference encyclopedia /  |c Elder Witt, advisory editor. 
264 1 |a Washington, D.C. :  |b Congressional Quarterly,  |c 1993. 
300 |a xiii, 528 pages :  |b illustrations ;  |c 25 cm. 
336 |a text  |b txt  |2 rdacontent 
337 |a unmediated  |b n  |2 rdamedia 
338 |a volume  |b nc  |2 rdacarrier 
490 1 |a CQ's encyclopedia of American government ;  |v v. 3 
504 |a Includes bibliographical references (pages 493-499) and index. 
610 1 0 |a United States.  |b Supreme Court  |x Encyclopedias. 
610 1 0 |a United States.  |b Supreme Court  |x Biography. 
700 1 |a Witt, Elder. 
830 0 |a CQ's encyclopedia of American government ;  |v v. 3. 
999 |a MARS 
999 f f |s 4c1f0705-6d7f-3426-9e48-3a2f49f4e070  |i 1630c6c3-57a5-33d1-9ef2-ab08572ad539  |t 0 
952 f f |p ric  |a Texas A&M University  |b Rellis Campus  |c Joint Library Facility  |d Remote Storage  |t 0  |e KF8742.A35 S8 1993  |h Library of Congress classification  |i unmediated -- volume  |m A14817132603 
998 f f |a KF8742.A35 S8 1993  |t 0  |l Remote Storage